00503nam a2200181 a 450000100060000000300090000600800410001502000150005604000280007108200180009910000290011724500360014626000300018230000110021249000560022365000270027965000150030619419CO-ViMGA141112s2004 ck r 000 u spa d a8471122197 aCO-ViMGAbspacCO-ViMGA04a372.216 C517g1 aClarke - Stewart, Alison10aGuarderías y cuidado infantil aMadrid : bMorata, c1982 a192 p. aColección psicologia : el desarrollo en el niño14aeducación DE NIÑOS14aGUARDERIAS